| 000 | 01269nam a22004093 4500 | ||
|---|---|---|---|
| 001 | 19966 | ||
| 003 | SK-KTurca | ||
| 005 | 20251219180354.0 | ||
| 008 | 190301s2018 xo a g 000 p slo d | ||
| 020 |
_a9788080469078 _q(viazané) |
||
| 035 | _aa000632091 | ||
| 040 |
_aUKB _bslo _dUKB _erda |
||
| 041 | 0 | _aslo | |
| 044 |
_axo _cSK |
||
| 072 | 7 |
_a821.162.4-1 _xSlovenská poézia _2konspekt |
|
| 072 | 7 |
_a821-93 _xLiteratúra pre deti a mládež (beletria) _2konspekt |
|
| 080 |
_a821.162.4-1 _22011 |
||
| 080 |
_a821.162.4-34 _22011 |
||
| 080 |
_a(0:82-1) _22011 |
||
| 080 |
_a(0:82-34) _22011 |
||
| 080 |
_a821-93 _22011 |
||
| 100 | 1 |
_aRúfus, Milan, _d1928-2009 _4aut |
|
| 245 | 1 | 0 |
_aKoza Rohatá a iné rozprávky _cMilan Rúfus ; ilustroval Peter Uchnár |
| 250 | _aPrvé vydanie | ||
| 264 | 1 |
_aBratislava _bPerfekt _c2018 |
|
| 300 |
_a84 strán _bilustrácie |
||
| 336 |
_atext _btxt _2rdacontent |
||
| 337 |
_abez média _bn _2rdamedia |
||
| 338 |
_azväzok _bnc _2rdacarrier |
||
| 655 | 7 |
_aslovenská poézia _2UKBPH |
|
| 655 | 7 |
_aslovenské rozprávky _2UKBPH |
|
| 655 | 7 |
_apublikácie pre deti _2UKBPH |
|
| 700 | 1 |
_aUchnár, Peter, _d1970- _4ill |
|
| 942 |
_2ddc _cKLDE _n0 |
||
| 980 | _aPerfekt, a.s., Cukrová 14, 811 08 Bratislava | ||
| 982 | _aDL | ||
| 999 |
_c19966 _d19966 |
||